Social and economic reform in Ecuador = Reforma social y economica en Ecuador /
Enregistré dans:
| Auteur principal: | |
|---|---|
| Format: | Inconnue |
| Langue: | English |
| Publié: |
Gainesville :
University Press of Florida,
1996.
|
| Sujets: | |
| Tags: |
Ajouter un tag
Pas de tags, Soyez le premier à ajouter un tag!
|
MARC
| LEADER | 000000000a22000000004500 | ||
|---|---|---|---|
| 001 | 014674 | ||
| 020 | |a 0813014379 | ||
| 041 | 0 | |a eng | |
| 082 | 0 | 4 | |a 330.986.6 |b P649s |
| 100 | 1 | |a Pineo, Ronn F., |d 1954- | |
| 245 | 1 | 0 | |a Social and economic reform in Ecuador = |b Reforma social y economica en Ecuador / |c Ronn F. Pineo. |
| 246 | 3 | 1 | |a Eric Lawrence |
| 260 | 1 | |a Gainesville : |b University Press of Florida, |c 1996. | |
| 300 | |a 227 páginas : |b ilustraciones, mapas ; |c 24 cm. | ||
| 650 | 4 | |a URBANIZACION | |
| 650 | 4 | |a ASPECTOS SOCIALES | |
| 650 | 4 | |a ASPECTOS EONOMICOS | |
| 500 | |a Colección George Yúdice | ||
| 999 | |c 20550 |d 20550 | ||
| 942 | |c BK |h 330.986.6 P649s |2 z | ||



